01338nam a2200337 a 4500001001100000003000800011006001900019007001500038008004100053010001700094020002700111020002200138040002100160035002000181050002600201082001200227245008300239260003400322300001600356504006600372533015200438600006400590600005700654650003800711651004600749655002900795700001900824710001700843856012500860999001500985ebr5001336CaPaEBRm u cr cn|||||||||950922s1997 nyu sb 001 0 eng  z 95042115  z0415095123 (hardbound) z0415095131 (pbk.) aCaPaEBRcCaPaEBR a(OCoLC)4813900914aB3318.J83bN54 1997eb04a19322000aNietzsche and Jewish cultureh[electronic resource] /cedited by Jacob Golomb. aNew York :bRoutledge,c1997. axii, 282 p. aIncludes bibliographical references (p. 263-266) and indexes. aElectronic reproduction.bPalo Alto, Calif. :cebrary,d2013.nAvailable via World Wide Web.nAccess may be limited to ebrary affiliated libraries.10aNietzsche, Friedrich Wilhelm,d1844-1900xViews on Judaism.10aNietzsche, Friedrich Wilhelm,d1844-1900xInfluence. 0aJewszGermanyxIntellectual life. 0aGermanyxIntellectual lifey20th century. 7aElectronic books.2local1 aGolomb, Jacob.2 aebrary, Inc.40uhttp://site.ebrary.com/lib/rucke/Doc?id=5001336zAn electronic book accessible through the World Wide Web; click to view c1151d1151